Annual report 1997 Národná banka Slovenska

Uložené v:
Podrobná bibliografia
Médium: Kniha
Jazyk:English
Vydavateľské údaje: Bratislava Národná banka Slovenska 1998
Predmet:
Tagy: Pridať tag
Žiadne tagy, Buďte prvý, kto otaguje tento záznam!

MARC

LEADER 00000nam a2200000 4500
001 c102652
005 20221109093141.9
041 0 |a eng 
044 |a SK 
245 1 0 |a Annual report 1997  |b Národná banka Slovenska 
264 1 |a Bratislava  |b Národná banka Slovenska  |c 1998 
300 |a 138 s. 
610 2 0 |a banky 
610 2 0 |a bankovníctvo 
610 2 0 |a vývoj hospodársky 
610 2 0 |a transformácia 
610 2 0 |a vývoj menový 
610 2 0 |a bilancia platobná 
610 2 0 |a sektor verejný 
610 2 0 |a mena 
610 2 0 |a trh finančný 
610 2 0 |a dohľad bankový 
610 2 0 |a emisia 
610 2 0 |a obeh peňažný 
610 2 0 |a spolupráca medzinárodná 
610 2 0 |a svet 
610 2 0 |a Európa 
610 2 0 |a Slovensko 
610 2 0 |a NBS Bratislava 
610 2 0 |a 1997